书目信息 |
| 题名: |
玩转科创教育
|
|
| 作者: | 魏非 主编 | |
| 分册: | ||
| 出版信息: | 上海 华东师范大学出版社 2021.5 |
|
| 页数: | 320页 | |
| 开本: | 26cm | |
| 丛书名: | ||
| 单 册: | ||
| 中图分类: | G613.3 , G633.72 | |
| 科图分类: | ||
| 主题词: | 科学知识--教案(教育)--学前教育 , 科学知识--教案(教育)--中小学 | |
| 电子资源: | ||
| ISBN: | 978-7-5760-0965-1 | |
| 000 | 01581nam0 2200289 45 | |
| 001 | 012001002925 | |
| 005 | 20140824084832.0 | |
| 010 | @a978-7-5760-0965-1@dCNY98.00 | |
| 100 | @a20210622d2021 em y0chiy0110 ea | |
| 101 | 0 | @achi |
| 102 | @aCN@b310000 | |
| 105 | @aak z 000yy | |
| 106 | @ar | |
| 200 | 1 | @a玩转科创教育@Awan zhuan ke chuang jiao yu@e教育部-乐高”创新人才培养计划“优秀STEAM教学实践案例集@f魏非主编 |
| 210 | @a上海@c华东师范大学出版社@d2021.5 | |
| 215 | @a320页@c彩图,照片@d26cm | |
| 300 | @a其他题名:教育部-乐高”创新人才培养计划“优秀STEAM教学实践案例集 | |
| 314 | @a魏非,华东师范大学副研究员,教育技术学博士,硕士生导师。华东师范大学开放教育学院、教师发展学院院长助理,研发部主任。全国中小学教师信息技术应用能力提升工程执行办核心成员,参与“能力提升工程1.0”与“能力提升工程2.0”多项标准研制。 | |
| 330 | @a创新是推动人类社会发展进步的不竭动力,也是我国新发展阶段五大新发展理念之一。教育部与乐高集团合作的“创新人才培养计划”,以“创新”为亮点,以STEAM教育教学能力提升为重点,持续开展高水平的教师教育培训。本书作为该项目实施应用成果集,呈现了2017-2019年,通过全国STEAM教育优秀教学案例展示大会遴选出的34个优秀教学实践案例。这些案例围绕着培养学生的创新能力,遵循“寓学于乐”的教学原则,课堂教学实施效果良好、可操作性较强,具有创新性和迁移借鉴价值。 | |
| 517 | 1 | @a教育部-乐高”创新人才培养计划“优秀STEAM教学实践案例集 |
| 606 | 0 | @a科学知识@x教案(教育)@x学前教育 |
| 606 | 0 | @a科学知识@x教案(教育)@x中小学 |
| 690 | @aG613.3@v5 | |
| 690 | @aG633.72@v5 | |
| 701 | 0 | @a魏非@Awei fei@4主编 |
| 801 | @aCN@bAHXH@c20210922 | |
| 905 | @b1282901-5@dG613.3@e2188@f5 | |
| 玩转科创教育:教育部-乐高”创新人才培养计划“优秀STEAM教学实践案例集/魏非主编.-上海:华东师范大学出版社,2021.5 |
| 320页:彩图,照片;26cm |
| 其他题名:教育部-乐高”创新人才培养计划“优秀STEAM教学实践案例集 |
| ISBN 978-7-5760-0965-1:CNY98.00 |
| 创新是推动人类社会发展进步的不竭动力,也是我国新发展阶段五大新发展理念之一。教育部与乐高集团合作的“创新人才培养计划”,以“创新”为亮点,以STEAM教育教学能力提升为重点,持续开展高水平的教师教育培训。本书作为该项目实施应用成果集,呈现了2017-2019年,通过全国STEAM教育优秀教学案例展示大会遴选出的34个优秀教学实践案例。这些案例围绕着培养学生的创新能力,遵循“寓学于乐”的教学原则,课堂教学实施效果良好、可操作性较强,具有创新性和迁移借鉴价值。 |
| ● |
| 相关链接 |
|
|
|
|
正题名:玩转科创教育
索取号:G613.3/2188
 
预约/预借
| 序号 | 登录号 | 条形码 | 馆藏地/架位号 | 状态 | 备注 |
| 1 | 1282901 | 212829019 | 第一样本阅览室/ [索取号:G613.3/2188] | 在馆 | |
| 2 | 1282902 | 212829028 | 教育系资料室/ [索取号:G613.3/2188] | 在馆 | |
| 3 | 1282903 | 212829037 | 教育系资料室/ [索取号:G613.3/2188] | 在馆 | |
| 4 | 1282904 | 212829046 | 第四借阅区/ [索取号:G613.3/2188] | 在馆 | |
| 5 | 1282905 | 212829055 | 第四借阅区/ [索取号:G613.3/2188] | 在馆 |